[Event "Hoogeveen Open 2016"]
[Site "Hoogeveen"]
[Date "2016.10.22"]
[Round "9.5"]
[White "Rakesh Kumar Jena"]
[Black "Ernst, Sipke"]
[Result "1/2-1/2"]
[BlackElo "2540"]
[WhiteElo "2247"]
[LiveChessVersion "1.4.8"]

1. e4 {[%clk 1:30:56]} e5 {[%clk 1:30:56]} 2. Nf3 {[%clk 1:31:21]} Nc6
{[%clk 1:31:20]} 3. Bc4 {[%clk 1:31:41]} Nf6 {[%clk 1:31:32]} 4. d3
{[%clk 1:32:03]} Be7 {[%clk 1:31:42]} 5. O-O {[%clk 1:32:24]} O-O
{[%clk 1:32:02]} 6. a3 {[%clk 1:32:41]} d6 {[%clk 1:27:37]} 7. h3
{[%clk 1:32:48]} Be6 {[%clk 1:18:12]} 8. Nc3 {[%clk 1:31:10]} Qd7
{[%clk 1:17:05]} 9. Nd5 {[%clk 1:29:52]} Rae8 {[%clk 1:13:21]} 10. Bg5
{[%clk 1:26:01]} Bxd5 {[%clk 1:04:59]} 11. exd5 {[%clk 1:26:29]} Nd8
{[%clk 1:04:55]} 12. Re1 {[%clk 1:21:07]} c6 {[%clk 1:04:47]} 13. Bxf6
{[%clk 1:21:14]} Bxf6 {[%clk 1:05:02]} 14. Nd2 {[%clk 1:21:40]} g6
{[%clk 1:00:00]} 15. Ne4 {[%clk 1:17:42]} Bg7 {[%clk 1:00:20]} 16. Qf3
{[%clk 1:18:07]} Qe7 {[%clk 1:00:19]} 17. Qe3 {[%clk 1:18:13]} cxd5
{[%clk 0:50:01]} 18. Bxd5 {[%clk 1:18:36]} Nc6 {[%clk 0:49:12]} 19. Qg5
{[%clk 1:07:54]} Qxg5 {[%clk 0:47:27]} 20. Nxg5 {[%clk 1:08:23]} Ne7
{[%clk 0:42:03]} 21. c4 {[%clk 1:06:47]} Nxd5 {[%clk 0:41:13]} 22. cxd5
{[%clk 1:07:13]} Re7 {[%clk 0:30:50]} 23. Ne4 {[%clk 0:59:54]} f5
{[%clk 0:24:42]} 24. Ng5 {[%clk 0:59:35]} Rc8 {[%clk 0:24:39]} 25. Ne6
{[%clk 0:57:44]} Rc2 {[%clk 0:24:26]} 26. Rac1 {[%clk 0:51:38]} Rxb2
{[%clk 0:23:14]} 27. Rc8+ {[%clk 0:52:02]} Kf7 {[%clk 0:23:43]} 28. Ng5+
{[%clk 0:52:31]} Kf6 {[%clk 0:24:10]} 29. Nxh7+ {[%clk 0:52:53]} Kf7
{[%clk 0:24:40]} 30. Rd8 {[%clk 0:51:19]} e4 {[%clk 0:21:45]} 31. Ng5+
{[%clk 0:51:12]} Kf6 {[%clk 0:22:09]} 32. h4 {[%clk 0:51:34]} Rb6
{[%clk 0:18:39]} 33. dxe4 {[%clk 0:51:08]} Bh6 {[%clk 0:18:57]} 34. Ne6
{[%clk 0:47:45]} Bd2 {[%clk 0:14:57]} 35. Re2 {[%clk 0:46:56]} Bc1
{[%clk 0:13:00]} 36. Rxd6 {[%clk 0:40:46]} fxe4 {[%clk 0:09:19]} 37. Rxb6
{[%clk 0:37:06]} axb6 {[%clk 0:09:45]} 38. Rxe4 {[%clk 0:37:31]} Bxa3
{[%clk 0:09:28]} 39. Re3 {[%clk 0:36:10]} Bd6 {[%clk 0:09:41]} 40. Rb3
{[%clk 0:31:14]} Ke5 {[%clk 0:05:42]} 41. Rb5 {[%clk 0:31:40]} Rd7
{[%clk 0:01:01]} 42. g3 {[%clk 0:30:43]} Ke4 {[%clk 0:29:53]} 43. Kg2
{[%clk 0:58:56]} Kd3 {[%clk 0:29:13]} 44. Rxb6 {[%clk 0:50:03]} Kc4
{[%clk 0:29:39]} 45. Kf3 {[%clk 0:50:23]} Kxd5 {[%clk 0:29:37]} 46. Nf4+
{[%clk 0:50:50]} Kc5 {[%clk 0:29:35]} 47. Rb1 {[%clk 0:51:06]} Rf7
{[%clk 0:27:58]} 48. Rc1+ {[%clk 0:48:36]} Kd4 {[%clk 0:25:14]} 49. Rd1+
{[%clk 0:48:50]} Kc5 {[%clk 0:25:41]} 50. Rd5+ {[%clk 0:46:57]} Kc6
{[%clk 0:26:03]} 51. Rg5 {[%clk 0:47:24]} Bxf4 {[%clk 0:25:16]} 52. gxf4
{[%clk 0:47:48]} Rf6 {[%clk 0:25:38]} 53. f5 {[%clk 0:47:06]} gxf5
{[%clk 0:23:47]} 54. h5 {[%clk 0:46:46]} Kd7 {[%clk 0:09:15]} 55. Kf4
{[%clk 0:41:36]} Ke7 {[%clk 0:08:12]} 56. Rg7+ {[%clk 0:41:58]} Rf7
{[%clk 0:05:47]} 57. Rg6 {[%clk 0:28:10]} Kf8 {[%clk 0:06:10]} 58. h6
{[%clk 0:26:52]} b5 {[%clk 0:06:37]} 59. Rb6 {[%clk 0:26:52]} Kg8
{[%clk 0:06:01]} 60. Kg5 {[%clk 0:27:14]} f4 {[%clk 0:04:38]} 61. Kg6
{[%clk 0:27:00]} Rf8 {[%clk 0:05:07]} 62. Rxb5 {[%clk 0:27:25]} Kh8
{[%clk 0:05:06]} 63. Rf5 {[%clk 0:27:33]} Rg8+ {[%clk 0:05:26]} 64. Kh5
{[%clk 0:27:52]} Rg1 {[%clk 0:04:27]} 65. Rxf4 {[%clk 0:28:07]} Rh1+
{[%clk 0:04:49]} 66. Kg5 {[%clk 0:28:32]} Rg1+ {[%clk 0:05:15]} 67. Rg4
{[%clk 0:28:14]} Rf1 {[%clk 0:05:09]} 68. f4 {[%clk 0:28:41]} Kh7
{[%clk 0:05:37]} 69. f5 {[%clk 0:29:06]} Ra1 {[%clk 0:05:06]} 70. Rg2
{[%clk 0:27:03]} Rh1 {[%clk 0:04:00]} 71. Rd2 {[%clk 0:24:03]} Rg1+
{[%clk 0:04:25]} 72. Kf6 {[%clk 0:24:31]} Ra1 {[%clk 0:04:51]} 73. Ke7
{[%clk 0:24:14]} Kxh6 {[%clk 0:04:18]} 74. f6 {[%clk 0:24:27]} Ra7+
{[%clk 0:04:02]} 1/2-1/2

[Event "Hoogeveen Open 2016"]
[Site "Hoogeveen"]
[Date "2016.10.22"]
[Round "9.6"]
[White "Schoppen, Casper"]
[Black "Ten Hertog, Hugo"]
[Result "1-0"]
[BlackElo "2468"]
[WhiteElo "2304"]
[LiveChessVersion "1.4.8"]

1. e4 {[%clk 1:30:45]} c5 {[%clk 1:29:05]} 2. Nf3 {[%clk 1:31:00]} e6
{[%clk 1:29:32]} 3. c3 {[%clk 1:29:19]} d5 {[%clk 1:28:21]} 4. exd5
{[%clk 1:29:31]} Qxd5 {[%clk 1:28:46]} 5. d4 {[%clk 1:29:22]} Nf6
{[%clk 1:29:11]} 6. Be2 {[%clk 1:28:53]} Nc6 {[%clk 1:25:46]} 7. dxc5
{[%clk 1:28:52]} Qxd1+ {[%clk 1:23:34]} 8. Bxd1 {[%clk 1:29:15]} Bxc5
{[%clk 1:24:02]} 9. O-O {[%clk 1:29:12]} O-O {[%clk 1:24:28]} 10. Nbd2
{[%clk 1:29:15]} e5 {[%clk 1:05:09]} 11. b4 {[%clk 1:23:05]} Bd6 {[%clk 1:02:33]}
12. Re1 {[%clk 1:16:07]} Be6 {[%clk 0:42:21]} 13. b5 {[%clk 0:58:11]} Na5
{[%clk 0:42:30]} 14. Nxe5 {[%clk 0:57:22]} Rac8 {[%clk 0:33:09]} 15. Bb2
{[%clk 0:42:05]} Bxe5 {[%clk 0:26:08]} 16. Rxe5 {[%clk 0:42:27]} Rfd8
{[%clk 0:26:30]} 17. Re2 {[%clk 0:38:37]} Nd5 {[%clk 0:17:14]} 18. Nb3
{[%clk 0:26:33]} Nc4 {[%clk 0:07:50]} 19. Nd4 {[%clk 0:22:28]} Nf4
{[%clk 0:04:07]} 20. Rc2 {[%clk 0:21:25]} Nxb2 {[%clk 0:00:54]} 21. Rxb2
{[%clk 0:21:47]} Bd5 {[%clk 0:00:35]} 22. Nf5 {[%clk 0:18:25]} Rxc3
{[%clk 0:00:35]} 23. Ne3 {[%clk 0:18:05]} Re8 {[%clk 0:00:32]} 24. Bb3
{[%clk 0:17:38]} Rec8 {[%clk 0:30:30]} 1-0

[Event "Hoogeveen Open 2016"]
[Site "Hoogeveen"]
[Date "2016.10.22"]
[Round "9.7"]
[White "Vereggen, Lars"]
[Black "Okkes, Menno"]
[Result "1-0"]
[BlackElo "2322"]
[WhiteElo "2380"]
[LiveChessVersion "1.4.8"]

1. e4 {[%clk 1:30:15]} c5 {[%clk 1:30:52]} 2. Nf3 {[%clk 1:30:38]} Nc6
{[%clk 1:31:18]} 3. d4 {[%clk 1:30:55]} cxd4 {[%clk 1:31:43]} 4. Nxd4
{[%clk 1:31:16]} g6 {[%clk 1:32:01]} 5. c4 {[%clk 1:28:44]} Nf6 {[%clk 1:32:15]}
6. Nc3 {[%clk 1:29:09]} d6 {[%clk 1:32:24]} 7. Be2 {[%clk 1:29:28]} Nxd4
{[%clk 1:32:13]} 8. Qxd4 {[%clk 1:29:45]} Bg7 {[%clk 1:32:32]} 9. Be3
{[%clk 1:30:05]} O-O {[%clk 1:32:48]} 10. Qd2 {[%clk 1:30:23]} a5
{[%clk 1:32:10]} 11. O-O {[%clk 1:30:30]} a4 {[%clk 1:31:58]} 12. Rfd1
{[%clk 1:27:14]} Qa5 {[%clk 1:30:29]} 13. f3 {[%clk 1:21:21]} Be6
{[%clk 1:21:05]} 14. Rac1 {[%clk 1:17:49]} Rfc8 {[%clk 1:12:22]} 15. Nb5
{[%clk 1:07:01]} Qxd2 {[%clk 1:01:30]} 16. Rxd2 {[%clk 1:06:57]} Nd7
{[%clk 1:01:08]} 17. Nd4 {[%clk 1:00:50]} Nc5 {[%clk 1:01:17]} 18. Nxe6
{[%clk 0:57:49]} fxe6 {[%clk 0:51:05]} 19. Rb1 {[%clk 0:57:48]} Kf7
{[%clk 0:50:33]} 20. Kf2 {[%clk 0:53:53]} a3 {[%clk 0:46:00]} 21. b4
{[%clk 0:45:57]} Na4 {[%clk 0:45:44]} 22. Rb3 {[%clk 0:46:01]} Bb2
{[%clk 0:42:32]} 23. Rc2 {[%clk 0:43:45]} d5 {[%clk 0:31:24]} 24. exd5
{[%clk 0:35:59]} exd5 {[%clk 0:31:48]} 25. c5 {[%clk 0:36:07]} d4
{[%clk 0:30:11]} 26. Bc4+ {[%clk 0:36:28]} Kf6 {[%clk 0:28:19]} 27. Bd2
{[%clk 0:35:17]} Nc3 {[%clk 0:25:38]} 28. Bxc3 {[%clk 0:34:45]} dxc3
{[%clk 0:25:39]} 29. Bd5 {[%clk 0:35:05]} Rc7 {[%clk 0:25:40]} 30. Ke3
{[%clk 0:27:53]} e6 {[%clk 0:17:37]} 31. Be4 {[%clk 0:25:31]} Ke7
{[%clk 0:18:01]} 32. Rcxc3 {[%clk 0:23:41]} Bxc3 {[%clk 0:18:24]} 33. Rxc3
{[%clk 0:24:07]} Ra4 {[%clk 0:14:56]} 34. Rb3 {[%clk 0:23:31]} Kd8
{[%clk 0:12:42]} 35. Kd4 {[%clk 0:15:18]} Rd7+ {[%clk 0:12:56]} 36. Kc3
{[%clk 0:11:04]} Kc7 {[%clk 0:11:31]} 37. Rb1 {[%clk 0:10:39]} Ra8
{[%clk 0:05:43]} 38. Re1 {[%clk 0:08:00]} Rad8 {[%clk 0:04:39]} 39. Re2
{[%clk 0:08:16]} Rd1 {[%clk 0:02:24]} 40. Bc2 {[%clk 0:05:36]} Rg1
{[%clk 0:01:40]} 41. Kb3 {[%clk 0:05:07]} Rh1 {[%clk 0:15:35]} 42. h3
{[%clk 0:35:23]} Rh2 {[%clk 0:15:01]} 43. Kxa3 {[%clk 0:35:17]} Rd5
{[%clk 0:13:39]} 44. Rxe6 {[%clk 0:28:35]} Rxg2 {[%clk 0:13:38]} 45. Be4
{[%clk 0:28:59]} Rd7 {[%clk 0:10:41]} 46. b5 {[%clk 0:26:24]} 1-0

[Event "Hoogeveen Open 2016"]
[Site "Hoogeveen"]
[Date "2016.10.22"]
[Round "9.8"]
[White "Keetman, Maaike"]
[Black "Debashis, Das"]
[Result "1/2-1/2"]
[BlackElo "2478"]
[WhiteElo "2174"]
[LiveChessVersion "1.4.8"]

1. e4 {[%clk 1:30:57]} c5 {[%clk 1:30:44]} 2. Nf3 {[%clk 1:31:22]} d6
{[%clk 1:31:10]} 3. d4 {[%clk 1:31:49]} cxd4 {[%clk 1:31:35]} 4. Nxd4
{[%clk 1:32:15]} Nf6 {[%clk 1:32:00]} 5. Nc3 {[%clk 1:32:43]} a6 {[%clk 1:32:25]}
6. h3 {[%clk 1:33:01]} g6 {[%clk 1:32:49]} 7. g4 {[%clk 1:32:38]} Bg7
{[%clk 1:33:13]} 8. Bg2 {[%clk 1:32:10]} h5 {[%clk 1:33:18]} 9. g5
{[%clk 1:30:10]} Nfd7 {[%clk 1:33:41]} 10. Be3 {[%clk 1:28:51]} Nc6
{[%clk 1:34:05]} 11. O-O {[%clk 1:18:45]} O-O {[%clk 1:25:34]} 12. Nxc6
{[%clk 1:05:16]} bxc6 {[%clk 1:25:56]} 13. f4 {[%clk 1:05:40]} Rb8
{[%clk 1:19:53]} 14. Rb1 {[%clk 1:04:56]} a5 {[%clk 1:19:24]} 15. Qd2
{[%clk 0:57:19]} Ba6 {[%clk 1:07:53]} 16. Rf2 {[%clk 0:56:21]} Nb6
{[%clk 0:57:44]} 17. b3 {[%clk 0:45:28]} Nc4 {[%clk 0:57:20]} 18. bxc4
{[%clk 0:42:33]} Bxc3 {[%clk 0:57:42]} 19. Rxb8 {[%clk 0:42:48]} Bxd2
{[%clk 0:58:08]} 20. Rxd8 {[%clk 0:43:14]} Bxe3 {[%clk 0:58:36]} 21. Rxf8+
{[%clk 0:43:08]} Kxf8 {[%clk 0:59:04]} 22. Bf1 {[%clk 0:43:36]} h4
{[%clk 0:59:21]} 23. c5 {[%clk 0:34:39]} Bc8 {[%clk 0:50:24]} 24. cxd6
{[%clk 0:34:38]} exd6 {[%clk 0:50:46]} 25. Kg2 {[%clk 0:32:42]} Bxf2
{[%clk 0:50:27]} 26. Kxf2 {[%clk 0:33:07]} Be6 {[%clk 0:50:47]} 27. a3
{[%clk 0:32:58]} Ke7 {[%clk 0:45:50]} 28. Ke3 {[%clk 0:30:49]} Kd7
{[%clk 0:43:00]} 29. Kd4 {[%clk 0:28:21]} Ke7 {[%clk 0:33:15]} 30. Ke3
{[%clk 0:26:30]} f6 {[%clk 0:29:12]} 31. gxf6+ {[%clk 0:22:50]} Kxf6
{[%clk 0:29:36]} 32. Kd4 {[%clk 0:22:57]} c5+ {[%clk 0:25:26]} 33. Ke3
{[%clk 0:22:21]} Bd7 {[%clk 0:25:45]} 34. Bg2 {[%clk 0:21:26]} Ba4
{[%clk 0:25:45]} 35. c3 {[%clk 0:21:16]} Bd7 {[%clk 0:26:10]} 36. Bf1
{[%clk 0:21:16]} Be6 {[%clk 0:26:31]} 37. Bg2 {[%clk 0:21:20]} g5
{[%clk 0:26:45]} 38. fxg5+ {[%clk 0:21:07]} Kxg5 {[%clk 0:27:06]} 39. Bf1
{[%clk 0:21:14]} Bd7 {[%clk 0:26:33]} 40. Bg2 {[%clk 0:21:12]} Be6
{[%clk 0:23:32]} 41. Bf1 {[%clk 0:21:11]} d5 {[%clk 0:21:28]} 42. Bg2
{[%clk 0:19:16]} dxe4 {[%clk 0:21:52]} 43. Kxe4 {[%clk 0:19:38]} Kf6
{[%clk 0:21:55]} 1/2-1/2

[Event "Hoogeveen Open 2016"]
[Site "Hoogeveen"]
[Date "2016.10.22"]
[Round "9.9"]
[White "Nitin, S."]
[Black "Kerigan, Demre"]
[Result "1-0"]
[BlackElo "2362"]
[WhiteElo "2410"]
[LiveChessVersion "1.4.8"]

1. e4 {[%clk 1:30:24]} d6 {[%clk 1:30:46]} 2. Nc3 {[%clk 1:30:31]} g6
{[%clk 1:30:59]} 3. h4 {[%clk 1:30:34]} Nf6 {[%clk 1:30:30]} 4. d4
{[%clk 1:30:50]} a6 {[%clk 1:29:15]} 5. Be2 {[%clk 1:27:38]} h5 {[%clk 1:26:27]}
6. Bf4 {[%clk 1:21:22]} Nc6 {[%clk 1:18:48]} 7. e5 {[%clk 1:20:25]} dxe5
{[%clk 1:16:44]} 8. dxe5 {[%clk 1:20:48]} Ng4 {[%clk 1:17:02]} 9. Qxd8+
{[%clk 1:18:59]} Nxd8 {[%clk 1:16:23]} 10. Nd5 {[%clk 1:16:05]} Ne6
{[%clk 1:15:13]} 11. Bg3 {[%clk 1:16:24]} Bd7 {[%clk 1:14:06]} 12. Nf3
{[%clk 1:15:37]} O-O-O {[%clk 1:13:27]} 13. O-O-O {[%clk 1:07:03]} Bh6+
{[%clk 1:09:18]} 14. Kb1 {[%clk 1:06:56]} Rhe8 {[%clk 1:09:38]} 15. Ng5
{[%clk 0:39:29]} Bxg5 {[%clk 0:48:43]} 16. hxg5 {[%clk 0:39:44]} Bc6
{[%clk 0:48:11]} 17. c4 {[%clk 0:36:01]} Nxg5 {[%clk 0:32:02]} 18. f3
{[%clk 0:31:33]} Bxd5 {[%clk 0:28:04]} 19. Rxd5 {[%clk 0:30:54]} Nh6
{[%clk 0:25:58]} 20. Bf4 {[%clk 0:30:11]} f6 {[%clk 0:25:36]} 21. g4
{[%clk 0:30:35]} Nhf7 {[%clk 0:23:34]} 22. gxh5 {[%clk 0:30:31]} Rxd5
{[%clk 0:20:37]} 23. cxd5 {[%clk 0:30:49]} Rh8 {[%clk 0:13:58]} 24. exf6
{[%clk 0:28:54]} exf6 {[%clk 0:13:19]} 25. Rc1 {[%clk 0:29:19]} Ne5
{[%clk 0:12:54]} 26. hxg6 {[%clk 0:28:06]} Rg8 {[%clk 0:12:42]} 27. Bh2
{[%clk 0:22:25]} Rxg6 {[%clk 0:08:07]} 28. f4 {[%clk 0:22:38]} Ngf3
{[%clk 0:07:57]} 29. fxe5 {[%clk 0:22:55]} Nxh2 {[%clk 0:07:55]} 30. Bd3
{[%clk 0:22:01]} Rg7 {[%clk 0:03:18]} 31. exf6 {[%clk 0:13:04]} Rf7
{[%clk 0:03:18]} 32. Rh1 {[%clk 0:12:49]} Nf3 {[%clk 0:03:24]} 33. Bf5+
{[%clk 0:13:07]} Kb8 {[%clk 0:03:46]} 34. Rh6 {[%clk 0:13:30]} Rf8
{[%clk 0:01:48]} 35. Be6 {[%clk 0:13:34]} c6 {[%clk 0:00:57]} 36. f7
{[%clk 0:12:21]} Nd2+ {[%clk 0:00:36]} 37. Kc2 {[%clk 0:12:20]} Ne4
{[%clk 0:00:46]} 38. Rg6 {[%clk 0:12:03]} 1-0

[Event "Hoogeveen Open 2016"]
[Site "Hoogeveen"]
[Date "2016.10.22"]
[Round "9.10"]
[White "Rathnakaran, K."]
[Black "Van Osch, Mees"]
[Result "1-0"]
[BlackElo "2288"]
[WhiteElo "2469"]
[LiveChessVersion "1.4.8"]

1. e4 {[%clk 1:30:58]} e6 {[%clk 1:30:56]} 2. d4 {[%clk 1:31:25]} d5
{[%clk 1:31:21]} 3. Nc3 {[%clk 1:31:52]} Bb4 {[%clk 1:31:40]} 4. Nge2
{[%clk 1:32:18]} dxe4 {[%clk 1:31:51]} 5. a3 {[%clk 1:32:40]} Be7
{[%clk 1:32:19]} 6. Nxe4 {[%clk 1:32:17]} Nf6 {[%clk 1:32:45]} 7. Nxf6+
{[%clk 1:32:07]} Bxf6 {[%clk 1:33:10]} 8. Qd3 {[%clk 1:32:31]} O-O
{[%clk 1:29:44]} 9. Be3 {[%clk 1:32:15]} b6 {[%clk 1:27:06]} 10. O-O-O
{[%clk 1:31:16]} Ba6 {[%clk 1:26:50]} 11. Qe4 {[%clk 1:31:39]} Nd7
{[%clk 1:27:04]} 12. g4 {[%clk 1:28:47]} Qc8 {[%clk 1:26:25]} 13. Rg1
{[%clk 1:27:58]} c5 {[%clk 1:26:47]} 14. g5 {[%clk 1:28:11]} Be7 {[%clk 1:18:41]}
15. d5 {[%clk 1:28:31]} Bb7 {[%clk 1:14:14]} 16. Nc3 {[%clk 1:27:38]} Re8
{[%clk 1:14:01]} 17. Bb5 {[%clk 1:25:33]} e5 {[%clk 0:42:43]} 18. Qg4
{[%clk 1:23:19]} Rd8 {[%clk 0:40:58]} 19. d6 {[%clk 1:23:27]} Bf8
{[%clk 0:41:12]} 20. g6 {[%clk 1:12:24]} hxg6 {[%clk 0:29:20]} 21. Bc4
{[%clk 1:12:40]} Nf6 {[%clk 0:29:35]} 22. Qxg6 {[%clk 1:12:56]} Rd7
{[%clk 0:29:03]} 23. Qxf6 {[%clk 1:13:18]} 1-0

[Event "Hoogeveen Open 2016"]
[Site "Hoogeveen"]
[Date "2016.10.22"]
[Round "9.11"]
[White "Bellia, Fabrizio"]
[Black "Vrolijk, Liam"]
[Result "1-0"]
[BlackElo "2265"]
[WhiteElo "2447"]
[LiveChessVersion "1.4.8"]

1. e4 {[%clk 1:30:56]} e6 {[%clk 1:30:52]} 2. d4 {[%clk 1:31:21]} d5
{[%clk 1:31:15]} 3. Nd2 {[%clk 1:31:47]} Be7 {[%clk 1:31:38]} 4. Bd3
{[%clk 1:32:03]} c5 {[%clk 1:31:56]} 5. dxc5 {[%clk 1:32:19]} Nf6
{[%clk 1:31:50]} 6. Qe2 {[%clk 1:32:01]} O-O {[%clk 1:30:57]} 7. Ngf3
{[%clk 1:32:19]} a5 {[%clk 1:31:02]} 8. O-O {[%clk 1:32:36]} Na6 {[%clk 1:30:43]}
9. e5 {[%clk 1:32:54]} Nd7 {[%clk 1:31:01]} 10. c4 {[%clk 1:33:19]} dxc4
{[%clk 1:23:56]} 11. Bxc4 {[%clk 1:20:38]} Naxc5 {[%clk 1:24:05]} 12. Ne4
{[%clk 1:20:10]} Nb6 {[%clk 1:16:41]} 13. Nxc5 {[%clk 1:15:28]} Bxc5
{[%clk 1:16:31]} 14. Bd3 {[%clk 1:12:28]} Nd5 {[%clk 1:09:26]} 15. Bxh7+
{[%clk 1:06:06]} Kxh7 {[%clk 1:09:02]} 16. Ng5+ {[%clk 1:05:41]} Kg8
{[%clk 1:04:00]} 17. Qh5 {[%clk 1:05:26]} Nf6 {[%clk 1:04:24]} 18. exf6
{[%clk 1:02:53]} Qd3 {[%clk 1:04:48]} 19. fxg7 {[%clk 1:02:02]} Kxg7
{[%clk 1:05:07]} 20. Nf3 {[%clk 1:01:25]} 1-0

[Event "Hoogeveen Open 2016"]
[Site "Hoogeveen"]
[Date "2016.10.22"]
[Round "9.12"]
[White "Sundararajan, Kidambi"]
[Black "Bunyatov, Rustam"]
[Result "1/2-1/2"]
[BlackElo "2249"]
[WhiteElo "2429"]
[LiveChessVersion "1.4.8"]

1. Nf3 {[%clk 1:30:50]} g6 {[%clk 1:30:43]} 2. d4 {[%clk 1:31:05]} Bg7
{[%clk 1:31:10]} 3. e4 {[%clk 1:31:23]} d6 {[%clk 1:31:34]} 4. c3
{[%clk 1:31:42]} Nc6 {[%clk 1:31:06]} 5. Bb5 {[%clk 1:30:13]} a6 {[%clk 1:30:25]}
6. Ba4 {[%clk 1:29:37]} b5 {[%clk 1:29:05]} 7. Bb3 {[%clk 1:26:54]} Nf6
{[%clk 1:26:42]} 8. O-O {[%clk 1:25:58]} O-O {[%clk 1:26:56]} 9. Qe2
{[%clk 1:21:09]} e5 {[%clk 1:26:10]} 10. dxe5 {[%clk 1:20:21]} dxe5
{[%clk 1:25:50]} 11. Bg5 {[%clk 1:16:44]} h6 {[%clk 1:24:12]} 12. Bh4
{[%clk 1:16:58]} Qe7 {[%clk 1:16:06]} 13. Nbd2 {[%clk 1:14:56]} Na5
{[%clk 1:13:07]} 14. Bc2 {[%clk 1:13:55]} c5 {[%clk 1:12:56]} 15. a4
{[%clk 1:10:51]} Bd7 {[%clk 1:12:49]} 16. Rfd1 {[%clk 1:07:05]} Bc6
{[%clk 1:11:31]} 17. Nf1 {[%clk 0:57:36]} Nc4 {[%clk 1:10:18]} 18. Rab1
{[%clk 0:50:36]} Rfe8 {[%clk 1:08:46]} 19. axb5 {[%clk 0:46:12]} axb5
{[%clk 1:08:05]} 20. Ne3 {[%clk 0:45:58]} Nxe3 {[%clk 1:07:38]} 21. Qxe3
{[%clk 0:46:22]} c4 {[%clk 1:06:44]} 22. Ra1 {[%clk 0:43:04]} g5 {[%clk 1:02:21]}
23. Bg3 {[%clk 0:42:54]} Qb7 {[%clk 0:56:49]} 24. Nd2 {[%clk 0:39:06]} Nd7
{[%clk 0:50:59]} 25. b3 {[%clk 0:35:49]} cxb3 {[%clk 0:48:05]} 26. Nxb3
{[%clk 0:33:53]} Nb6 {[%clk 0:46:45]} 27. h4 {[%clk 0:20:14]} Nc4
{[%clk 0:44:53]} 28. Qe2 {[%clk 0:16:32]} Rxa1 {[%clk 0:43:46]} 29. Rxa1
{[%clk 0:16:44]} Ra8 {[%clk 0:44:01]} 30. Rxa8+ {[%clk 0:15:39]} Qxa8
{[%clk 0:44:25]} 31. hxg5 {[%clk 0:15:55]} hxg5 {[%clk 0:44:46]} 32. f3
{[%clk 0:10:16]} Qa2 {[%clk 0:43:25]} 33. Bd1 {[%clk 0:08:32]} Qxe2
{[%clk 0:37:58]} 1/2-1/2

[Event "Hoogeveen Open 2016"]
[Site "Hoogeveen"]
[Date "2016.10.22"]
[Round "9.13"]
[White "Jonkman, Harmen"]
[Black "Otte, Marijn"]
[Result "1-0"]
[BlackElo "2213"]
[WhiteElo "2413"]
[LiveChessVersion "1.4.8"]

1. e4 {[%clk 1:30:57]} c5 {[%clk 1:24:04]} 2. c3 {[%clk 1:31:13]} Nf6
{[%clk 1:24:28]} 3. e5 {[%clk 1:31:37]} Nd5 {[%clk 1:24:54]} 4. Nf3
{[%clk 1:31:59]} e6 {[%clk 1:25:20]} 5. Bc4 {[%clk 1:31:45]} d6 {[%clk 1:25:16]}
6. d4 {[%clk 1:31:56]} cxd4 {[%clk 1:25:41]} 7. cxd4 {[%clk 1:31:09]} Be7
{[%clk 1:24:45]} 8. O-O {[%clk 1:31:31]} O-O {[%clk 1:25:11]} 9. Bd2
{[%clk 1:30:25]} Bd7 {[%clk 1:09:53]} 10. Nc3 {[%clk 1:12:08]} Nxc3
{[%clk 1:07:35]} 11. Bxc3 {[%clk 1:12:23]} Bc6 {[%clk 1:07:41]} 12. Re1
{[%clk 1:08:36]} dxe5 {[%clk 0:41:10]} 13. Nxe5 {[%clk 1:08:02]} Bd5
{[%clk 0:39:28]} 14. Qb3 {[%clk 1:03:39]} Bxc4 {[%clk 0:39:09]} 15. Nxc4
{[%clk 1:03:59]} b6 {[%clk 0:28:03]} 16. d5 {[%clk 0:49:00]} exd5
{[%clk 0:24:43]} 17. Ne3 {[%clk 0:29:41]} d4 {[%clk 0:19:30]} 18. Bxd4
{[%clk 0:29:01]} Nc6 {[%clk 0:16:49]} 19. Bxg7 {[%clk 0:24:08]} Kxg7
{[%clk 0:15:34]} 20. Qc3+ {[%clk 0:24:16]} Bf6 {[%clk 0:15:58]} 21. Qxc6
{[%clk 0:23:59]} Bxb2 {[%clk 0:16:15]} 22. Rad1 {[%clk 0:21:34]} Qf6
{[%clk 0:15:14]} 23. Rd6 {[%clk 0:21:16]} Qc3 {[%clk 0:15:39]} 24. Nf5+
{[%clk 0:21:31]} Kh8 {[%clk 0:15:01]} 25. Qe4 {[%clk 0:21:46]} Rac8
{[%clk 0:13:02]} 26. g3 {[%clk 0:13:02]} Rc5 {[%clk 0:09:50]} 27. Qe7
{[%clk 0:11:38]} Rcc8 {[%clk 0:10:16]} 28. Rd4 {[%clk 0:05:05]} Qc6
{[%clk 0:09:51]} 29. Qe5+ {[%clk 0:04:33]} f6 {[%clk 0:08:30]} 30. Qe7
{[%clk 0:04:57]} Rg8 {[%clk 0:08:50]} 31. Rd7 {[%clk 0:05:14]} 1-0

[Event "Hoogeveen Open 2016"]
[Site "Hoogeveen"]
[Date "2016.10.22"]
[Round "9.14"]
[White "Mager, Denis"]
[Black "Beerdsen, Thomas"]
[Result "0-1"]
[BlackElo "2404"]
[WhiteElo "2224"]
[LiveChessVersion "1.4.8"]

1. d4 {[%clk 1:30:58]} Nf6 {[%clk 1:28:04]} 2. c4 {[%clk 1:31:18]} c6
{[%clk 1:26:58]} 3. Nc3 {[%clk 1:31:27]} d5 {[%clk 1:27:22]} 4. cxd5
{[%clk 1:31:53]} cxd5 {[%clk 1:27:38]} 5. Bf4 {[%clk 1:31:49]} Nc6
{[%clk 1:24:59]} 6. e3 {[%clk 1:32:11]} a6 {[%clk 1:25:24]} 7. Bd3
{[%clk 1:32:27]} g6 {[%clk 1:24:34]} 8. h3 {[%clk 1:28:11]} Bg7 {[%clk 1:24:31]}
9. Nf3 {[%clk 1:28:22]} O-O {[%clk 1:24:48]} 10. Rc1 {[%clk 1:27:04]} Bd7
{[%clk 1:20:11]} 11. O-O {[%clk 1:26:18]} Rc8 {[%clk 1:14:12]} 12. Na4
{[%clk 1:22:10]} Nh5 {[%clk 1:10:55]} 13. Ne5 {[%clk 1:12:55]} Nxf4
{[%clk 0:56:57]} 14. exf4 {[%clk 1:08:24]} Nxd4 {[%clk 0:56:43]} 15. Rxc8
{[%clk 1:07:05]} Bxc8 {[%clk 0:57:10]} 16. Bxg6 {[%clk 1:04:56]} Ne6
{[%clk 0:57:00]} 17. Bc2 {[%clk 0:57:50]} Nxf4 {[%clk 0:57:20]} 18. Nd3
{[%clk 0:57:20]} Ng6 {[%clk 0:56:56]} 19. f4 {[%clk 0:53:30]} Bf5
{[%clk 0:56:28]} 20. g4 {[%clk 0:49:08]} Be4 {[%clk 0:51:59]} 21. Nc3
{[%clk 0:49:05]} Qb6+ {[%clk 0:48:31]} 22. Kh2 {[%clk 0:48:30]} Rc8
{[%clk 0:48:51]} 23. Bb3 {[%clk 0:42:51]} Bxc3 {[%clk 0:48:23]} 24. bxc3
{[%clk 0:43:16]} Rxc3 {[%clk 0:48:49]} 25. Ne5 {[%clk 0:42:41]} Qe3
{[%clk 0:48:44]} 0-1